Vplyv finančných kríz na strednodobú stratégiu MMF

Finančná kríza z roku 2008 postihla tak rozvinuté, ako aj rozvíjajúce a rozvojové krajiny. Súčasne odhalila potrebu reformovať medzinárodný menový systém a medzinárodných menových inštitúcií. Predstavitelia štátov skupiny G-20 sa snažili reagovať na vzniknutú situáciu na najvyššej politickej úrovni...

Description complète

Enregistré dans:
Détails bibliographiques
Auteur principal: Kováčová, Jana
Autres auteurs: Šturc, Boris, 1961-
Format: Chapitre de livre
Langue:slovaque
Sujets:
Tags: Ajouter un tag
Pas de tags, Soyez le premier à ajouter un tag!

MARC

LEADER 00000nla a2200000 4500
001 0242100
005 20260205071155.8
041 0 |a slo 
044 |a SK 
245 1 0 |a Vplyv finančných kríz na strednodobú stratégiu MMF  |c Jana Kováčová, Boris Šturc 
520 |a Finančná kríza z roku 2008 postihla tak rozvinuté, ako aj rozvíjajúce a rozvojové krajiny. Súčasne odhalila potrebu reformovať medzinárodný menový systém a medzinárodných menových inštitúcií. Predstavitelia štátov skupiny G-20 sa snažili reagovať na vzniknutú situáciu na najvyššej politickej úrovni a na summite v novembri 2008 položili základy koordinovanej akcie. Súčasťou je i reforma medzinárodnej finančnej a menovej architektúry, a teda aj Medzinárodného menového fondu. Strednodobá stratégia MMF. 
610 2 0 |a kríza finančná 
610 2 0 |a Medzinárodný menový fond 
610 2 0 |a stratégia menová 
610 2 0 |a systém menový 
610 2 0 |a reformy menové 
610 2 0 |a prognózy strednodobé 
100 1 |a Kováčová, Jana 
700 1 |a Šturc, Boris, 1961-